LEADER 00511naa a2200133 i 4500 001 000000319949 003 CaOOAMICUS 005 20180831173317.0 008 180831n it u000 u ita u 013 $a29800 040 $aSeMil$bita 245 12$aI percorsi della paura :$bdal teatro fino al cinema. 773 0 $aMartini, Giulio$tPaura e vie di salvezza.$dMilano : Centro Ambrosiano, 2012.$z978-88-8025-913-8$gp.21-60$w()216113 996 $6245$aI percorsi della paura :$bdal teatro fino al cinema$9(OLS)http://semarc/title/393664 LEADER 01194nas a2200217 i 4500 001 000000057474 003 CaOOAMICUS 005 19971008000000.0 008 971008b it uu u0 0mul r 013 $a28646 040 $aSeMil$bita 245 10$aIstituzioni monastiche medievali nelle diocesi di Trento e di Bressanone = Mittelalterliche Stifte und Klöster in den Diözesen Trient und Brixen :$batti del convegno di studi, Trento, 19 aprile 1996. 650 4$aBressanone (Diocesi).$0(OLS)http://semarc/subject/11586 650 4$aMonachesimo - Storia - Medioevo.$0(OLS)http://semarc/subject/4554 650 4$aTrento (Diocesi).$0(OLS)http://semarc/subject/6136 700 1 $aGobbi, Domenico.$0(OLS)http://semarc/name/24630 700 1 $aDal Pino, Franco Andrea.$0(OLS)http://semarc/name/20935 850 $aSeMil 852 $aSeMil$W1$xVenegono$y1$m205 4 1BIS$j23628$B23628$CSeMilBibl$Z2$F23630 $85 961 $aCambio: Scuola Cattolica 996 $6245$aIstituzioni monastiche medievali nelle diocesi di Trento e di Bressanone = Mittelalterliche Stifte und Klöster in den Diözesen Trient und Brixen :$batti del convegno di studi, Trento, 19 aprile 1996$9(OLS)http://semarc/title/89453